| 000 | 01324cam a22002294a 4500 | ||
|---|---|---|---|
| 005 | 20250605164016.0 | ||
| 008 | 250528s ||||||||||||||||||||||||d | ||
| 035 | _a16148 | ||
| 020 | _a86377346 | ||
| 040 |
_aGR-AtMCL _bgre _dGR-AtMCL _eAACR2 |
||
| 245 | 1 | _aTheories of Memory | |
| 260 |
_bLawrence Erlbaum Associates, Publishers, _c1994 |
||
| 300 | _a428 | ||
| 520 | _aThis book provides a unique state-of-the-art perspective on this key aspect of cognitive psychology. Contributors, The Practice of Memory, Working Memory and Conscious Awareness, The Structure of Autobiographical Memory, Systems and Principles in Memory Theory: Another Critique of Pure Memory, Recognizing and Remembering, Imagery and Classification, MEM: Memory Subsystems as Processes, Problems and Solutions in Memory and Cognition, Is Lexical Processing just an ''ACT''?, Monitoring and Gain Control in an Episodic Memory Model: Relation to the P300 Event-Related Potential, Explaining the Emergence of Autobiographical Memory in Early Childhood, Understanding Implicit Memory: A Cognitive Neuroscience Approach, Author and Subject Index. | ||
| 700 | 1 |
_aCollins Alan F _92191 |
|
| 700 | 1 |
_aConway Martin A _9360 |
|
| 700 | 1 |
_aGathercole Susan E _9346 |
|
| 700 | 1 |
_aMorris Peter E _92192 |
|
| 942 | _cBK | ||
| 999 |
_c1684 _d1684 |
||